हिन्दुस्तानी संगीत / (Record no. 208480)
[ view plain ]
| 000 -LEADER | |
|---|---|
| fixed length control field | 00877nam a22001937a 4500 |
| 005 - DATE AND TIME OF LATEST TRANSACTION | |
| control field | 20250114151416.0 |
| 010 ## - LCCN (DPL NO) | |
| LC control number | HIN-129248 |
| 020 ## - INTERNATIONAL STANDARD BOOK NUMBER | |
| International Standard Book Number | 9789355430366 |
| Terms of availability | 499.00 |
| 035 ## - SYSTEM CONTROL NUMBER | |
| System control number | HN-101595 |
| 037 ## - SOURCE OF ACQUISITION | |
| Source of stock number/acquisition | DBAD |
| 082 ## - DEWEY DECIMAL CLASSIFICATION NUMBER | |
| Classification number | 781.264 |
| 100 ## - MAIN ENTRY--PERSONAL NAME | |
| Personal name | मुखर्जी,कुमार प्रसाद |
| 245 ## - TITLE STATEMENT | |
| Title | हिन्दुस्तानी संगीत / |
| Statement of responsibility, etc | कुमार प्रसाद मुखर्जी |
| Remainder of title | शमशेर सिंह |
| 260 ## - PUBLICATION, DISTRIBUTION, ETC. (IMPRINT) | |
| Place of publication, distribution, etc | उत्तर प्रदेश |
| Name of publisher, distributor, etc | मंजुल पब्लिशिंग हाउस |
| Date of publication, distribution, etc | 2022 |
| 270 ## - ADDRESS | |
| Address | सी-16, सेक्टर 3 , नोएडा |
| City | उतर प्रदेश |
| Postal code | 201301 |
| 300 ## - PHYSICAL DESCRIPTION | |
| Extent | 236 पृ. |
| Dimensions | 20सेमी(अजिल्द) |
| 700 ## - ADDED ENTRY--PERSONAL NAME | |
| Personal name | शमशेर सिंह |
| 9 (RLIN) | 76554 |
| 942 ## - ADDED ENTRY ELEMENTS (KOHA) | |
| Source of classification or shelving scheme | Dewey Decimal Classification |
| Item type | Hindi Books |
| Classification part | 230.2 |
| Call number suffix | मुखर्जी |
| Withdrawn status | Lost status | Not for loan | Collection code | Home library | Current library | Date acquired | Source of acquisition | Cost, normal purchase price | Full call number | Barcode | Copy number | Cost, replacement price | Koha item type |
|---|---|---|---|---|---|---|---|---|---|---|---|---|---|
| Non-fiction | Kadipur | Kadipur | 14/01/2025 | DBAD/PUB | 499.00 | 230.2 मुखर्जी | HN-101595 | 1 | 499.00 | Hindi Books |
